Songs from T'morrow - Statistics

General Stats
  • This quiz has been taken 3 times
  • The average score is 21 of 36
Answer Stats
Hint Answer % Correct
vance boy alone with me
100%
your fave colour in your heart
100%
paper kites #3 deep burn blue
100%
dynamite
100%
elegy
100%
tunnnne just the two of us
100%
sam & zach's car levitating
100%
I'm gonna learn this never be back
100%
peaches real peach
100%
paper kites #1 revelator eyes
100%
vance boy's dad she burns
100%
strawberries
100%
yesterday tomorrow
100%
paper kites #4 when it hurts you
100%
you
100%
yours to keep
100%
beyond
50%
paper kites #2 electric indigo
50%
for life
50%
go tell her now
50%
hot tears
50%
i would do anything for you
50%
longing for your love
50%
next to you
50%
rome now we are free
50%
where the sky hangs
50%
circles
0%
dancing in the street
0%
if i never say a word
0%
kinfe edge
0%
lost in japan
0%
miracle love
0%
monday
0%
on melanchony hill
0%
resolution
0%
you'll like this guy what am i
0%
No matching quizzes found
Score Distribution
Percent of People with Each Score
Percentile by Number Answered
Your Score History
You have not taken this quiz